[Event "Moscow Chess for TV"]
[Site "Moscow"]
[Date "2019.06.14"]
[Round "3.3"]
[White "Radjabov, Teimour"]
[Black "Dubov, Daniil"]
[Result "1-0"]
[WhiteElo "2759"]
[BlackElo "2700"]
[PlyCount "113"]
[EventDate "2019.06.10"]
[EventType "k.o."]
[EventRounds "6"]
[EventCountry "RUS"]
[SourceTitle "CBM 190 Extra"]
[Source "ChessBase"]
[SourceDate "2019.07.15"]
[SourceVersion "1"]
[SourceVersionDate "2019.07.15"]
[SourceQuality "1"]

1. Nf3 Nf6 2. b3 g6 3. Bb2 Bg7 4. g3 b6 5. Bg2 Bb7 6. O-O c5 7. c4 d5 8. cxd5
O-O 9. d4 Nxd5 10. Qd2 Nc7 11. Rd1 cxd4 12. Bxd4 Bxd4 13. Nxd4 Bxg2 14. Kxg2
Qd5+ 15. Nf3 Qxd2 16. Nbxd2 Nd7 17. Nd4 Nf6 18. Rac1 Na6 19. Nc6 Rfe8 20. Nc4
Nc5 21. b4 Na4 22. f3 Kf8 23. N4e5 Rec8 24. g4 g5 25. h4 h6 26. hxg5 hxg5 27.
Kf2 Rc7 28. Rh1 Rac8 29. b5 Kg7 30. Nd3 e6 31. Rc4 a6 32. Rxa4 axb5 33. Rb4
Rxc6 34. Rxb5 Nd5 35. Rh5 f6 36. Rb1 Rc2 37. Rbh1 Rg8 38. Rh7+ Kf8 39. Rb7 Rc7
40. Rxc7 Nxc7 41. Rc1 Nd5 42. e4 Ne7 43. Rb1 Kf7 44. Rxb6 Ra8 45. Nb4 Ra3 46.
Rb7 Kf8 47. Ke2 Ng6 48. Nc6 Nf4+ 49. Kd2 Rd3+ 50. Kc2 Rxf3 51. a4 Rf2+ 52. Kc3
Rf3+ 53. Kc4 Rf1 54. a5 Rd1 55. Kb5 Rb1+ 56. Nb4 Rxb4+ 57. Kxb4 1-0

[Event "Moscow Chess for TV"]
[Site "Moscow"]
[Date "2019.06.15"]
[Round "4.1"]
[White "Radjabov, Teimour"]
[Black "Karjakin, Sergey"]
[Result "1/2-1/2"]
[WhiteElo "2759"]
[BlackElo "2748"]
[PlyCount "67"]
[EventDate "2019.06.10"]
[EventType "k.o."]
[EventRounds "6"]
[EventCountry "RUS"]
[SourceTitle "CBM 190 Extra"]
[Source "ChessBase"]
[SourceDate "2019.07.15"]
[SourceVersion "1"]
[SourceVersionDate "2019.07.15"]
[SourceQuality "1"]

1. e4 e5 2. Nf3 Nc6 3. Nc3 Nf6 4. d4 exd4 5. Nxd4 Bb4 6. Nxc6 bxc6 7. Bd3 O-O
8. O-O d5 9. exd5 cxd5 10. Qf3 c6 11. h3 Bd6 12. Bg5 Rb8 13. b3 Be5 14. Bf4
Bxc3 15. Bxb8 Bxa1 16. Rxa1 Bg4 17. hxg4 Qxb8 18. Re1 Re8 19. Rxe8+ Qxe8 20.
Qf4 h6 21. g3 Qd8 22. b4 g6 23. Kg2 Qe7 24. a3 Kg7 25. Qd4 Kg8 26. c3 Kg7 27.
a4 Qe1 28. a5 Qd2 29. a6 g5 30. Kf3 Qd1+ 31. Kg2 Qd2 32. Kf3 Qd1+ 33. Kg2 Qd2
34. Kf3 1/2-1/2

[Event "Moscow Chess for TV"]
[Site "Moscow"]
[Date "2019.06.15"]
[Round "4.2"]
[White "Karjakin, Sergey"]
[Black "Radjabov, Teimour"]
[Result "1/2-1/2"]
[WhiteElo "2748"]
[BlackElo "2759"]
[PlyCount "68"]
[EventDate "2019.06.10"]
[EventType "k.o."]
[EventRounds "6"]
[EventCountry "RUS"]
[SourceTitle "CBM 190 Extra"]
[Source "ChessBase"]
[SourceDate "2019.07.15"]
[SourceVersion "1"]
[SourceVersionDate "2019.07.15"]
[SourceQuality "1"]

1. e4 c5 2. Nf3 Nc6 3. d4 cxd4 4. Nxd4 Nf6 5. Nc3 e5 6. Ndb5 d6 7. Bg5 a6 8.
Na3 b5 9. Nd5 Be7 10. Bxf6 Bxf6 11. c4 b4 12. Nc2 a5 13. Qf3 Be6 14. Rd1 Bxd5
15. exd5 Nd4 16. Nxd4 exd4 17. Bd3 Kf8 18. g3 g6 19. h4 h5 20. O-O Kg7 21. Rfe1
Re8 22. Rc1 Rxe1+ 23. Rxe1 Qd7 24. Qd1 Re8 25. Rxe8 Qxe8 26. b3 Qe5 27. Qe2
Qxe2 28. Bxe2 Bd8 29. Kg2 f5 30. f4 Bb6 31. Bd3 Kf6 32. Kf3 Bc5 33. Kg2 Bb6 34.
Kf3 Bc5 1/2-1/2

[Event "Moscow Chess for TV"]
[Site "Moscow"]
[Date "2019.06.15"]
[Round "4.3"]
[White "Radjabov, Teimour"]
[Black "Karjakin, Sergey"]
[Result "1/2-1/2"]
[WhiteElo "2759"]
[BlackElo "2748"]
[PlyCount "94"]
[EventDate "2019.06.10"]
[EventType "k.o."]
[EventRounds "6"]
[EventCountry "RUS"]
[SourceTitle "CBM 190 Extra"]
[Source "ChessBase"]
[SourceDate "2019.07.15"]
[SourceVersion "1"]
[SourceVersionDate "2019.07.15"]
[SourceQuality "1"]

1. e4 e5 2. Nf3 Nc6 3. Bb5 Nf6 4. d3 Bc5 5. c3 d5 6. exd5 Qxd5 7. Bc4 Qd6 8.
Qe2 O-O 9. Nbd2 a5 10. Ng5 Bf5 11. Nde4 Nxe4 12. Nxe4 Bxe4 13. dxe4 Nd8 14. h4
Ne6 15. g3 a4 16. Bd2 c6 17. O-O-O b5 18. Be3 Bxe3+ 19. Qxe3 Qc5 20. Qxc5 Nxc5
21. Bd3 Rfd8 22. Bc2 Kf8 23. Rd2 Ke7 24. Kd1 Nb7 25. Ke2 Rxd2+ 26. Kxd2 Rd8+
27. Ke3 Nd6 28. Bd3 Rb8 29. f4 f6 30. h5 b4 31. cxb4 Rxb4 32. h6 gxh6 33. Rxh6
Rxb2 34. Rxh7+ Kd8 35. Rh5 Rxa2 36. fxe5 fxe5 37. Rxe5 a3 38. Ra5 Nb5 39. Bxb5
cxb5 40. Rxb5 Rg2 41. Kf4 a2 42. Ra5 Ke7 43. g4 Kf6 44. Ra6+ Kf7 45. Ke5 Rxg4
46. Rxa2 Rg6 47. Ra7+ Ke8 1/2-1/2

[Event "FIDE World Cup"]
[Site "Khanty Mansiysk"]
[Date "2019.09.28"]
[Round "6.2"]
[White "Radjabov, Teimour"]
[Black "Vachier Lagrave, Maxime"]
[Result "1-0"]
[WhiteElo "2758"]
[BlackElo "2774"]
[Annotator "Giri,A"]
[PlyCount "89"]
[EventDate "2019.09.10"]
[EventType "k.o."]
[EventRounds "7"]
[EventCountry "RUS"]
[SourceTitle "CBM 192"]
[Source "ChessBase"]
[SourceDate "2019.10.31"]
[SourceVersion "1"]
[SourceVersionDate "2019.10.31"]
[SourceQuality "1"]
[WhiteClock "0:24:27"]
[BlackClock "0:50:47"]

{[%evp 0,89,16,16,9,-10,38,11,71,101,101,46,64,15,99,81,77,39,60,35,41,34,29,
21,29,-19,11,41,41,29,29,35,73,12,120,36,79,-11,52,52,74,124,125,47,129,144,
134,135,135,135,135,131,131,129,146,136,154,154,167,150,157,158,170,166,178,
161,158,131,159,137,205,176,172,168,163,170,170,166,172,165,172,228,233,177,
196,200,249,226,265,211,693,734]} 1. Nf3 Nf6 2. c4 c5 3. Nc3 d5 4. cxd5 Nxd5 5.
e3 Nxc3 6. dxc3 {Teimour used this system to masterfully outplay Svidler in
Geneva Grand Prix which he won as well.} Qc7 7. e4 e6 (7... Nc6 8. Be3 e6 9.
Nd2 {was what I played myself against MVL earlier.}) 8. Bd3 {There were 6
games in the database and in none of them this happened, so I guess one could
call this a novelty.} Be7 9. Qe2 Bd7 10. O-O O-O $4 {This loses by force it
seems, so it was obviously better to start with Bc6.} (10... Bc6 $1) 11. e5 $1
Bc6 12. Ng5 $1 {White gets a full fledged kingside attack, before Black
manages to develop the b8 knight. Bad news.} h6 13. Bh7+ $1 Kh8 14. Bc2 $1 {
Very strong maneuvre, introducing the threat of Qd3, while indirectly keeping
an eye on the g5 knight. Taking it would obviously lead to mate after Qh5+.} c4
{Black is defending very creatively but the lack of b8 knight in the defense
will not allow him to solve his problems.} 15. Re1 $1 Qd8 {A creative resource,
but White shall not blink in this game.} 16. Nh3 $1 {The engine also suggests
that Nf3 and Ne4 win, but this wins by force it seems.} Qd5 17. Nf4 Qc5 18. Bb1
$1 {Unfortunately for Black, the b1-h7 diagonal is very long. Qc2 is on the
agenda now.} Bg5 19. Nxe6 $1 {Simple tactics, those often work when one is
positionally winning.} fxe6 20. Bxg5 Qd5 {Resourceful, but White allows the
queen trade on g2 which turns out to be completely winning.} 21. Qg4 Nd7 {
This doesn't work, White continues playing the best moves.} (21... Qxg2+ 22.
Qxg2 Bxg2 23. Be7 $1 Rf7 24. Kxg2 Rxe7 25. Bg6 Nd7 26. h4 $1 {The most elegant
way to do the job.} Nf8 27. h5 $1 {paralyzes Black, who would have a lost rook
endgame ahead of himself.}) 22. Be4 Nxe5 23. Qh5 $1 Qb5 (23... Nf3+ 24. Bxf3
Qxg5 25. Qxg5 hxg5 26. Bxc6 bxc6 27. Rxe6 {is dead lost, apart from being a
full pawn down, Black has 5 isolated pawns!}) 24. Bxh6 Bxe4 25. Bf4+ Kg8 26.
Qxe5 {This is the kind of opposite colored bishop position where there are no
drawing tendencies at all. These happen too sometimes. What is particularly
depressing for Black is that his bishop is limited by his own pawns. Sad!} Bd5
{Preserving the queens only worsens the odds. After f3 white king is the
safest king ever, whereas his counterpart on g8 has nothing but an isolated
pawn on g7 to protect himself.} 27. Re2 Rf5 28. Qe3 Qe8 29. f3 Qg6 30. h4 $1 {
I envisioned the bishop on e5 when I watched this game, but on g5 it is even
better, paralyzing the queen on g6.} Raf8 31. Bg5 a6 32. Rd1 Qe8 33. Rd4 Qc6
34. Rg4 Kh7 35. Bf4 {Now that the g-file is fully in White's control, he
comfortably transfers the bishop to e5.} R8f7 36. Be5 b5 37. Qf2 Qd7 38. Qg3
Rh5 39. Bd4 Qc7 40. Re5 Rhf5 41. Rg5 Kg8 42. h5 Rxg5 43. Qxg5 Qe7 44. Qg4 Rf5 {
A blunder, but the situation was absolutely hopeless, with Rg5 incoming.} 45.
Qxf5 $1 1-0

[Event "Pepe Cuenca Invitational"]
[Site "chess24.com INT"]
[Date "2020.04.12"]
[Round "1.1"]
[White "Radjabov, Teimour"]
[Black "Anton Guijarro, David"]
[Result "1/2-1/2"]
[WhiteElo "2765"]
[BlackElo "2703"]
[PlyCount "117"]
[EventDate "2020.04.12"]
[EventType "k.o."]
[EventRounds "3"]
[EventCountry "USA"]
[SourceTitle "CBM 195 Extra"]
[Source "ChessBase"]
[SourceDate "2020.05.31"]
[SourceVersion "1"]
[SourceVersionDate "2020.05.31"]
[SourceQuality "1"]

1. e4 e5 2. Nf3 Nc6 3. Bc4 Bc5 4. d3 Nf6 5. Nbd2 d6 6. O-O O-O 7. c3 a5 8. Re1
Ba7 9. Nf1 Be6 10. Bb3 h6 11. Ng3 Re8 12. Bxe6 Rxe6 13. d4 Re8 14. d5 Ne7 15.
Nh4 Kh7 16. Qf3 Qd7 17. Nhf5 Nxf5 18. Nxf5 Ng8 19. Qg4 g6 20. Nxh6 Qxg4 21.
Nxg4 f5 22. Ne3 Rf8 23. c4 Nf6 24. exf5 gxf5 25. g3 Kg6 26. Ng2 Ne4 27. Be3
Bxe3 28. Rxe3 a4 29. Rc1 Nc5 30. Nh4+ Kg5 31. Nf3+ Kf6 32. Rc2 Rg8 33. Kg2 Rg4
34. h3 Rg7 35. b4 axb3 36. axb3 f4 37. Re1 Nxb3 38. g4 Nc5 39. Nd2 Ra3 40. Ne4+
Nxe4 41. Rxe4 Kg5 42. c5 Kh4 43. cxd6 cxd6 44. Rc8 Rd3 45. Rh8+ Kg5 46. Rh5+
Kg6 47. Rb4 Rxd5 48. h4 Kf6 49. Rxf4+ exf4 50. Rxd5 Rxg4+ 51. Kf3 Rxh4 52.
Rxd6+ Ke5 53. Rb6 Rh3+ 54. Kg4 Rh7 55. Rb5+ Ke4 56. Rb4+ Ke5 57. Rb5+ Ke4 58.
Rb4+ Ke5 59. Rb5+ 1/2-1/2

[Event "Pepe Cuenca Invitational"]
[Site "chess24.com INT"]
[Date "2020.04.12"]
[Round "1.2"]
[White "Anton Guijarro, David"]
[Black "Radjabov, Teimour"]
[Result "1/2-1/2"]
[WhiteElo "2703"]
[BlackElo "2765"]
[PlyCount "119"]
[EventDate "2020.04.12"]
[EventType "k.o."]
[EventRounds "3"]
[EventCountry "USA"]
[SourceTitle "CBM 195 Extra"]
[Source "ChessBase"]
[SourceDate "2020.05.31"]
[SourceVersion "1"]
[SourceVersionDate "2020.05.31"]
[SourceQuality "1"]

1. d4 Nf6 2. c4 e6 3. Nf3 d5 4. Nc3 Be7 5. Bg5 h6 6. Bxf6 Bxf6 7. e3 c6 8. Rc1
Nd7 9. Bd3 O-O 10. O-O dxc4 11. Bxc4 e5 12. d5 Nb6 13. b3 Bf5 14. dxc6 bxc6 15.
e4 Bg4 16. Be2 Bxf3 17. Bxf3 Be7 18. Nb1 Rc8 19. Qc2 Qd4 20. Rfd1 Qb4 21. a3
Qa5 22. b4 Qa6 23. Be2 Qb7 24. Nd2 c5 25. b5 Bg5 26. a4 c4 27. Rb1 c3 28. Nf3
Bf6 29. a5 Na4 30. Rb3 Nc5 31. Rxc3 Nxe4 32. Rc6 Ng5 33. Nxg5 Bxg5 34. g3 Qb8
35. Rd7 Rcd8 36. Rcc7 Rxd7 37. Rxd7 Bd8 38. Bc4 Bxa5 39. Qf5 Qe8 40. Rxa7 Bb6
41. Rb7 Bd4 42. Qd7 Qxd7 43. Rxd7 g5 44. Kg2 Kg7 45. Kf3 Kg6 46. g4 f5 47. Rd6+
Rf6 48. gxf5+ Kxf5 49. Bd3+ e4+ 50. Bxe4+ Ke5+ 51. Rxf6 Kxf6 52. Kg2 h5 53. f3
Ke5 54. h3 h4 55. Kf1 Bb6 56. Ke2 Bc5 57. Kd3 Bb6 58. Ke2 Bc5 59. Kf1 Bb6 60.
Ke2 1/2-1/2

[Event "Pepe Cuenca Invitational"]
[Site "chess24.com INT"]
[Date "2020.04.12"]
[Round "1.3"]
[White "Radjabov, Teimour"]
[Black "Anton Guijarro, David"]
[Result "1/2-1/2"]
[WhiteElo "2765"]
[BlackElo "2703"]
[PlyCount "157"]
[EventDate "2020.04.12"]
[EventType "k.o."]
[EventRounds "3"]
[EventCountry "USA"]
[SourceTitle "CBM 195 Extra"]
[Source "ChessBase"]
[SourceDate "2020.05.31"]
[SourceVersion "1"]
[SourceVersionDate "2020.05.31"]
[SourceQuality "1"]

1. e4 e5 2. Nf3 Nc6 3. Bc4 Bc5 4. d3 Nf6 5. Nbd2 d6 6. O-O O-O 7. c3 a5 8. Re1
Ba7 9. Nf1 Be6 10. Bb3 Qd7 11. Ng3 h6 12. Bxe6 fxe6 13. Be3 Bxe3 14. Rxe3 Qf7
15. d4 a4 16. a3 exd4 17. cxd4 d5 18. e5 Nd7 19. Qc2 Nb6 20. Rd3 Nc4 21. Ne2
Qg6 22. Rc3 Qxc2 23. Rxc2 b5 24. Nd2 Rab8 25. g3 N6a5 26. Rd1 Nxd2 27. Rdxd2
Nc4 28. Rd1 b4 29. axb4 Rxb4 30. Nc3 Nxb2 31. Ra1 Ra8 32. Kg2 a3 33. Nb1 Nc4
34. Rca2 Rb3 35. Nd2 Nxd2 36. Rxd2 Rb4 37. Rc2 Rxd4 38. Rxc7 a2 39. Rc2 Rda4
40. Rb2 Kf7 41. h4 g5 42. h5 R8a7 43. Rb8 Ke7 44. Rh8 Kd7 45. Rxh6 d4 46. Rh7+
Kc6 47. Rxa7 Rxa7 48. h6 Kd5 49. Kf3 Kxe5 50. h7 Rxh7 51. Rxa2 Rf7+ 52. Kg4 d3
53. Kxg5 Kd4 54. f4 Ke3 55. Kg6 Rd7 56. Kf6 d2 57. Rxd2 Rxd2 58. Kxe6 Ra2 59.
f5 Ke4 60. f6 Ra6+ 61. Ke7 Kf5 62. f7 Ra7+ 63. Ke8 Ke6 64. f8=N+ Kd6 65. g4 Rg7
66. g5 Rxg5 67. Kf7 Rg1 68. Ng6 Rf1+ 69. Kg7 Ke6 70. Nf8+ Kf5 71. Kf7 Ra1 72.
Ke7 Ra7+ 73. Nd7 Ra6 74. Nc5 Rb6 75. Nd7 Rc6 76. Nf8 Ke5 77. Nd7+ Kd5 78. Nf6+
Kd4 79. Nd7 1/2-1/2

[Event "Pepe Cuenca Invitational"]
[Site "chess24.com INT"]
[Date "2020.04.12"]
[Round "1.4"]
[White "Anton Guijarro, David"]
[Black "Radjabov, Teimour"]
[Result "1/2-1/2"]
[WhiteElo "2703"]
[BlackElo "2765"]
[PlyCount "118"]
[EventDate "2020.04.12"]
[EventType "k.o."]
[EventRounds "3"]
[EventCountry "USA"]
[SourceTitle "CBM 195 Extra"]
[Source "ChessBase"]
[SourceDate "2020.05.31"]
[SourceVersion "1"]
[SourceVersionDate "2020.05.31"]
[SourceQuality "1"]

1. d4 Nf6 2. c4 e6 3. Nf3 d5 4. Nc3 Be7 5. Bg5 h6 6. Bxf6 Bxf6 7. e3 c6 8. Rc1
Nd7 9. Bd3 O-O 10. O-O dxc4 11. Bxc4 e5 12. d5 Nb6 13. b3 Bf5 14. dxc6 bxc6 15.
e4 Bg4 16. Be2 Qxd1 17. Nxd1 Rac8 18. Rc2 Rfd8 19. Ne3 Bxf3 20. Bxf3 Bg5 21.
Re1 g6 22. g3 h5 23. h4 Bh6 24. Nc4 Nxc4 25. Rxc4 Rd2 26. Re2 Rxe2 27. Bxe2 Bf8
28. Kg2 Kg7 29. Rc2 Bb4 30. f4 c5 31. fxe5 Re8 32. Bc4 Rxe5 33. Rf2 Re7 34. Kf3
Bc3 35. Re2 Bd4 36. Kg2 f5 37. exf5 Rxe2+ 38. Bxe2 Kf6 39. fxg6 Kxg6 40. Ba6
Be5 41. Bb5 Bd6 42. Be8+ Kh6 43. Kf3 Bc7 44. g4 hxg4+ 45. Kxg4 Be5 46. Kf5 Bd4
47. Ke4 Bb2 48. Kd5 Ba3 49. Kc6 a5 50. Kb5 Bb4 51. h5 Kg5 52. Bg6 Kh6 53. Be8
Kg5 54. Ka4 Kh6 55. a3 Bc3 56. Kb5 Bb2 57. a4 Bc3 58. Kxc5 Bb4+ 59. Kb5 Kg7
1/2-1/2

[Event "Pepe Cuenca Invitational"]
[Site "chess24.com INT"]
[Date "2020.04.12"]
[Round "1.5"]
[White "Radjabov, Teimour"]
[Black "Anton Guijarro, David"]
[Result "0-1"]
[WhiteElo "2765"]
[BlackElo "2703"]
[PlyCount "126"]
[EventDate "2020.04.12"]
[EventType "k.o."]
[EventRounds "3"]
[EventCountry "USA"]
[SourceTitle "CBM 195 Extra"]
[Source "ChessBase"]
[SourceDate "2020.05.31"]
[SourceVersion "1"]
[SourceVersionDate "2020.05.31"]
[SourceQuality "1"]

1. e4 e5 2. Nf3 Nc6 3. Bc4 Bc5 4. d3 Nf6 5. Nbd2 d6 6. c3 O-O 7. O-O a5 8. Re1
Be6 9. Bb5 Qb8 10. Nf1 Qa7 11. Qc2 Ng4 12. Ne3 Nxe3 13. Bxe3 Bxe3 14. Rxe3 a4
15. Ng5 Nd8 16. Nxe6 Nxe6 17. Bc4 Rfe8 18. a3 c6 19. Rae1 b5 20. Ba2 g6 21. h4
h5 22. Qd2 Kg7 23. g3 Rad8 24. Kg2 Rb8 25. Rd1 c5 26. Rf3 Qe7 27. Bd5 Rf8 28.
Ba2 Rbd8 29. Qe3 Rb8 30. Qe2 Rbd8 31. Qd2 Rb8 32. Bxe6 Qxe6 33. d4 cxd4 34.
cxd4 Rbc8 35. dxe5 dxe5 36. Qd5 Rfd8 37. Qxe6 fxe6 38. Rxd8 Rxd8 39. b3 Rd4 40.
bxa4 bxa4 41. Re3 Kf6 42. Kf3 Rc4 43. Rd3 Rc2 44. Ke3 Ra2 45. Rc3 Ke7 46. f4
Kf6 47. fxe5+ Kxe5 48. Rc5+ Kf6 49. Rc3 g5 50. Kd4 g4 51. Kc4 Ke5 52. Re3 Rf2
53. Kd3 Rf1 54. Ke2 Rb1 55. Rc3 Ra1 56. Ke3 Re1+ 57. Kd3 Rg1 58. Rc5+ Kd6 59.
Rxh5 Rxg3+ 60. Kd4 Rxa3 61. Ra5 Ra1 62. Ra6+ Kc7 63. h5 g3 0-1

[Event "Pepe Cuenca Invitational"]
[Site "chess24.com INT"]
[Date "2020.04.12"]
[Round "1.6"]
[White "Anton Guijarro, David"]
[Black "Radjabov, Teimour"]
[Result "1/2-1/2"]
[WhiteElo "2703"]
[BlackElo "2765"]
[PlyCount "133"]
[EventDate "2020.04.12"]
[EventType "k.o."]
[EventRounds "3"]
[EventCountry "USA"]
[SourceTitle "CBM 195 Extra"]
[Source "ChessBase"]
[SourceDate "2020.05.31"]
[SourceVersion "1"]
[SourceVersionDate "2020.05.31"]
[SourceQuality "1"]

1. d4 Nf6 2. c4 e6 3. Nf3 d5 4. Nc3 Be7 5. Bg5 h6 6. Bxf6 Bxf6 7. e3 c6 8. Rc1
Nd7 9. Bd3 O-O 10. O-O dxc4 11. Bxc4 e5 12. d5 Nb6 13. b3 Bf5 14. dxc6 bxc6 15.
e4 Bg4 16. Be2 Rc8 17. Nb1 Qe7 18. Qc2 Rfd8 19. h3 Bxf3 20. Bxf3 Bg5 21. Rcd1
Rd4 22. Rxd4 exd4 23. Be2 c5 24. g3 Qd6 25. f4 Be7 26. Nd2 Qg6 27. Kh2 Bf8 28.
Nc4 Re8 29. Bd3 Qe6 30. Nxb6 axb6 31. a4 c4 32. Qxc4 Qxc4 33. bxc4 Ra8 34. Ra1
Bc5 35. e5 Kf8 36. Kg2 Ke7 37. Kf3 Ra5 38. Ke4 Kd7 39. Bc2 Ke7 40. h4 Kd7 41.
h5 Ke7 42. g4 Ke6 43. Rf1 Ke7 44. g5 Ra8 45. Rf3 Rh8 46. Rh3 Rd8 47. Bd3 Ra8
48. Bc2 Rd8 49. g6 f6 50. Bd3 Ke6 51. f5+ Ke7 52. e6 Ra8 53. Bc2 Kd6 54. Rb3
Ra5 55. Rb1 Ra7 56. Rb5 Ra5 57. Rxa5 bxa5 58. Bd1 Kc6 59. Bf3 Kd6 60. Bg2 Kc6
61. Bf1 Kd6 62. Kd3 Ke5 63. Bh3 Be7 64. Bg4 Bc5 65. Bh3 Be7 66. Bg4 Bc5 67. Bh3
1/2-1/2

[Event "Pepe Cuenca Invitational"]
[Site "chess24.com INT"]
[Date "2020.04.12"]
[Round "1.7"]
[White "Radjabov, Teimour"]
[Black "Anton Guijarro, David"]
[Result "1/2-1/2"]
[WhiteElo "2765"]
[BlackElo "2703"]
[PlyCount "149"]
[EventDate "2020.04.12"]
[EventType "k.o."]
[EventRounds "3"]
[EventCountry "USA"]
[SourceTitle "CBM 195 Extra"]
[Source "ChessBase"]
[SourceDate "2020.05.31"]
[SourceVersion "1"]
[SourceVersionDate "2020.05.31"]
[SourceQuality "1"]

1. e4 e5 2. Nf3 Nc6 3. Bc4 Bc5 4. d3 Nf6 5. Nbd2 d6 6. O-O O-O 7. c3 a5 8. Re1
Be6 9. Bb3 Bxb3 10. Qxb3 Qd7 11. a4 Rfe8 12. Nf1 h6 13. h3 d5 14. Ng3 dxe4 15.
dxe4 Qe6 16. Qb5 Bb6 17. Be3 Na7 18. Qe2 Nc8 19. Nf5 Bxe3 20. Qxe3 Nd6 21. Nxd6
Qxd6 22. Nh4 Qc6 23. Nf5 Kh7 24. b3 Rad8 25. f3 Nh5 26. Rad1 Nf4 27. Kh2 g6 28.
Ng3 Kg7 29. c4 b6 30. Ne2 Ne6 31. Rd5 Nc5 32. Red1 Qf6 33. Ng3 c6 34. R5d2 Rxd2
35. Rxd2 Rd8 36. Nf1 Rxd2 37. Nxd2 Qd6 38. Qc3 f6 39. Kg3 h5 40. h4 Qd3 41.
Qxd3 Nxd3 42. Nf1 f5 43. Kh2 fxe4 44. fxe4 Kf6 45. Nd2 Ke6 46. Kg3 Kd6 47. Kf3
Kc5 48. Ke3 Nf4 49. g3 Ne6 50. Nf3 Kd6 51. Kf2 Nc5 52. Nd2 Ke6 53. Kf3 Kf6 54.
g4 Ke6 55. gxh5 gxh5 56. Ke3 Kd6 57. Ke2 Nd7 58. Kd3 Nf8 59. Nf3 Ng6 60. Kc3
Kc5 61. Kc2 Kb4 62. Kb2 Kc5 63. Kc3 Kd6 64. b4 c5 65. bxa5 bxa5 66. Kd3 Ke6 67.
Ke3 Nf8 68. Ne1 Nd7 69. Nd3 Kd6 70. Kd2 Nb6 71. Nb2 Nc8 72. Nd1 Nb6 73. Nb2 Nc8
74. Nd1 Nb6 75. Nb2 1/2-1/2

[Event "Pepe Cuenca Invitational"]
[Site "chess24.com INT"]
[Date "2020.04.12"]
[Round "1.8"]
[White "Anton Guijarro, David"]
[Black "Radjabov, Teimour"]
[Result "0-1"]
[WhiteElo "2703"]
[BlackElo "2765"]
[PlyCount "90"]
[EventDate "2020.04.12"]
[EventType "k.o."]
[EventRounds "3"]
[EventCountry "USA"]
[SourceTitle "CBM 195 Extra"]
[Source "ChessBase"]
[SourceDate "2020.05.31"]
[SourceVersion "1"]
[SourceVersionDate "2020.05.31"]
[SourceQuality "1"]

1. d4 Nf6 2. c4 e6 3. Nf3 d5 4. Nc3 Be7 5. Bg5 h6 6. Bxf6 Bxf6 7. e3 c6 8. Rc1
Nd7 9. Bd3 O-O 10. O-O dxc4 11. Bxc4 e5 12. d5 Nb6 13. b3 Bf5 14. dxc6 bxc6 15.
e4 Bg4 16. Be2 Rc8 17. h3 Bh5 18. Qc2 Qe7 19. Rfd1 Rfd8 20. g3 Qb4 21. Ne1 Bg6
22. Nd3 Qe7 23. Bg4 Rb8 24. Ne1 Rd4 25. Nf3 Rbd8 26. Bf5 Rxd1+ 27. Rxd1 Rxd1+
28. Nxd1 Bxf5 29. exf5 Qd7 30. Nc3 Nd5 31. Na4 Nb4 32. Qb1 Qd5 33. Nh2 e4 34.
Ng4 Bd4 35. Kh2 Nd3 36. Qc2 h5 37. Ne3 Bxe3 38. fxe3 Qxf5 39. Nc3 Qf1 40. Qe2
Qf5 41. Qg2 Ne1 42. Qxe4 Qf1 43. Qe8+ Kh7 44. Qe4+ f5 45. Qh1 Qf2+ 0-1

[Event "Pepe Cuenca Invitational"]
[Site "chess24.com INT"]
[Date "2020.04.12"]
[Round "1.9"]
[White "Radjabov, Teimour"]
[Black "Anton Guijarro, David"]
[Result "0-1"]
[WhiteElo "2765"]
[BlackElo "2703"]
[PlyCount "68"]
[EventDate "2020.04.12"]
[EventType "k.o."]
[EventRounds "3"]
[EventCountry "USA"]
[SourceTitle "CBM 195 Extra"]
[Source "ChessBase"]
[SourceDate "2020.05.31"]
[SourceVersion "1"]
[SourceVersionDate "2020.05.31"]
[SourceQuality "1"]

1. e4 e5 2. Nf3 Nc6 3. Bc4 Bc5 4. d3 Nf6 5. Nbd2 d6 6. O-O O-O 7. c3 a5 8. Re1
Be6 9. Bb5 Qb8 10. Bxc6 bxc6 11. Nf1 a4 12. h3 Re8 13. Ng3 Qb5 14. Nh4 Nd7 15.
Nhf5 d5 16. h4 Bf8 17. h5 Nc5 18. exd5 cxd5 19. Rxe5 Qxd3 20. Qe1 Bd7 21. Bf4
Rxe5 22. Qxe5 Re8 23. Qxc7 Bxf5 24. h6 Ne6 25. Qc6 Rd8 26. hxg7 Bxg7 27. Be3
Bg6 28. Qxa4 d4 29. cxd4 Nxd4 30. Qa5 Nf5 31. Nxf5 Bxf5 32. Rc1 Bxb2 33. Rc5
Qd1+ 34. Kh2 Qh5+ 0-1

[Event "Pepe Cuenca Invitational"]
[Site "chess24.com INT"]
[Date "2020.04.12"]
[Round "1.10"]
[White "Anton Guijarro, David"]
[Black "Radjabov, Teimour"]
[Result "0-1"]
[WhiteElo "2703"]
[BlackElo "2765"]
[PlyCount "90"]
[EventDate "2020.04.12"]
[EventType "k.o."]
[EventRounds "3"]
[EventCountry "USA"]
[SourceTitle "CBM 195 Extra"]
[Source "ChessBase"]
[SourceDate "2020.05.31"]
[SourceVersion "1"]
[SourceVersionDate "2020.05.31"]
[SourceQuality "1"]

1. d4 Nf6 2. c4 e6 3. Nf3 d5 4. Nc3 Be7 5. Bg5 h6 6. Bxf6 Bxf6 7. e3 c6 8. Rc1
Nd7 9. Bd3 O-O 10. O-O dxc4 11. Bxc4 e5 12. d5 Nb6 13. b3 Bf5 14. dxc6 bxc6 15.
e4 Bg4 16. Be2 Rc8 17. h3 Bh5 18. Nb1 Qe7 19. Nfd2 Bg6 20. Bg4 Rcd8 21. Qe2 Rd6
22. Nc4 Rd4 23. Bf5 Bxf5 24. exf5 Nd5 25. g3 Qd7 26. Ne3 Bg5 27. Rcd1 Bxe3 28.
fxe3 Nxe3 29. Rxd4 Qxd4 30. Rc1 Nd1+ 31. Kh2 Rd8 32. Rxc6 e4 33. Rc4 Qa1 34.
Rc1 Nc3 35. Rxc3 Qxb1 36. f6 Rd1 37. Qg2 gxf6 38. Re3 Rd4 39. g4 Qd1 40. Re2 e3
41. Qa8+ Kg7 42. Rxe3 Rd2+ 43. Kg3 Qg1+ 44. Kf4 Rd4+ 45. Kf3 Qh1+ 0-1